<?xml version="1.0" encoding="UTF-8"?><?xml-stylesheet type="text/xsl" href="static/style.xsl"?><OAI-PMH xmlns="http://www.openarchives.org/OAI/2.0/" xmlns:xsi="http://www.w3.org/2001/XMLSchema-instance" xsi:schemaLocation="http://www.openarchives.org/OAI/2.0/ http://www.openarchives.org/OAI/2.0/OAI-PMH.xsd"><responseDate>2026-04-18T15:44:08Z</responseDate><request verb="GetRecord" identifier="oai:riubu.ubu.es:10259/7626" metadataPrefix="marc">https://riubu.ubu.es/oai/request</request><GetRecord><record><header><identifier>oai:riubu.ubu.es:10259/7626</identifier><datestamp>2023-03-31T00:05:22Z</datestamp><setSpec>com_10259_4725</setSpec><setSpec>com_10259_5086</setSpec><setSpec>com_10259_2604</setSpec><setSpec>col_10259_4726</setSpec></header><metadata><record xmlns="http://www.loc.gov/MARC21/slim" xmlns:doc="http://www.lyncode.com/xoai" xmlns:xsi="http://www.w3.org/2001/XMLSchema-instance" xmlns:dcterms="http://purl.org/dc/terms/" xsi:schemaLocation="http://www.loc.gov/MARC21/slim http://www.loc.gov/standards/marcxml/schema/MARC21slim.xsd">
<leader>00925njm 22002777a 4500</leader>
<datafield tag="042" ind1=" " ind2=" ">
<subfield code="a">dc</subfield>
</datafield>
<datafield tag="720" ind1=" " ind2=" ">
<subfield code="a">González-López, José Rafael</subfield>
<subfield code="e">author</subfield>
</datafield>
<datafield tag="720" ind1=" " ind2=" ">
<subfield code="a">Serrano Gómez, Diego</subfield>
<subfield code="e">author</subfield>
</datafield>
<datafield tag="720" ind1=" " ind2=" ">
<subfield code="a">Velasco-González, Verónica</subfield>
<subfield code="e">author</subfield>
</datafield>
<datafield tag="720" ind1=" " ind2=" ">
<subfield code="a">Alconero-Camarero, Ana Rosa</subfield>
<subfield code="e">author</subfield>
</datafield>
<datafield tag="720" ind1=" " ind2=" ">
<subfield code="a">Cuesta-Lozano, Daniel</subfield>
<subfield code="e">author</subfield>
</datafield>
<datafield tag="720" ind1=" " ind2=" ">
<subfield code="a">García-García, Esther</subfield>
<subfield code="e">author</subfield>
</datafield>
<datafield tag="720" ind1=" " ind2=" ">
<subfield code="a">González-Sanz, Pilar</subfield>
<subfield code="e">author</subfield>
</datafield>
<datafield tag="720" ind1=" " ind2=" ">
<subfield code="a">Herrera-Peco, Iván</subfield>
<subfield code="e">author</subfield>
</datafield>
<datafield tag="720" ind1=" " ind2=" ">
<subfield code="a">Martínez-Miguel, Esther</subfield>
<subfield code="e">author</subfield>
</datafield>
<datafield tag="720" ind1=" " ind2=" ">
<subfield code="a">Morán-García, José María</subfield>
<subfield code="e">author</subfield>
</datafield>
<datafield tag="720" ind1=" " ind2=" ">
<subfield code="a">Recio Rodríguez, José I.</subfield>
<subfield code="e">author</subfield>
</datafield>
<datafield tag="720" ind1=" " ind2=" ">
<subfield code="a">Sarabia-Cobo, Carmen</subfield>
<subfield code="e">author</subfield>
</datafield>
<datafield tag="260" ind1=" " ind2=" ">
<subfield code="c">2022-03</subfield>
</datafield>
<datafield tag="520" ind1=" " ind2=" ">
<subfield code="a">As shown in the previous literature, in view of the future responsibilities of nursing professionals and the consequences for healthcare, it is of great interest to examine their risk perceptions,&#xd;
coping behaviors, and sense of coherency during the COVID-19 pandemic. The purpose of this study&#xd;
is to design and to validate a specific questionnaire that evaluates the factors relating to perceived risk,&#xd;
coping behaviors, and preventive knowledge against COVID-19 infection among nursing students&#xd;
from Spain. This is a psychometric study of a questionnaire’s design and its validation in 1562 nursing&#xd;
students at 16 undergraduate nursing institutions in Spain. An ad-hoc survey was designed by a&#xd;
panel of six experts drawing from the literature. After a trial test, the questionnaire was formed&#xd;
with four scales (perception, risk, coping, and knowledge of preventive practices for COVID-19),&#xd;
with a total of 69 items. The final questionnaire was composed of 52 items grouped into four scales,&#xd;
with good psychometric properties to measure risk perception (Cronbach’s alpha 0.735), factors&#xd;
related to perceived risk (Cronbach’s alpha 0.653), coping behaviors (Cronbach’s alpha 0.80), and&#xd;
knowledge of preventive practices against COVID-19 (Cronbach’s alpha 0.77). This questionnaire,&#xd;
specifically designed and validated for nursing students, is the first to address four important areas&#xd;
in the development of preventive measures against COVID-19.</subfield>
</datafield>
<datafield tag="024" ind2=" " ind1="8">
<subfield code="a">http://hdl.handle.net/10259/7626</subfield>
</datafield>
<datafield tag="024" ind2=" " ind1="8">
<subfield code="a">10.3390/jpm12040515</subfield>
</datafield>
<datafield tag="024" ind2=" " ind1="8">
<subfield code="a">2075-4426</subfield>
</datafield>
<datafield ind1=" " ind2=" " tag="653">
<subfield code="a">Nursing education</subfield>
</datafield>
<datafield ind1=" " ind2=" " tag="653">
<subfield code="a">Nursing students</subfield>
</datafield>
<datafield ind1=" " ind2=" " tag="653">
<subfield code="a">Risk assessment</subfield>
</datafield>
<datafield ind1=" " ind2=" " tag="653">
<subfield code="a">Coping behavior</subfield>
</datafield>
<datafield ind1=" " ind2=" " tag="653">
<subfield code="a">Knowledge</subfield>
</datafield>
<datafield ind1=" " ind2=" " tag="653">
<subfield code="a">COVID-19</subfield>
</datafield>
<datafield ind1=" " ind2=" " tag="653">
<subfield code="a">Validation study</subfield>
</datafield>
<datafield ind1=" " ind2=" " tag="653">
<subfield code="a">Psychometric</subfield>
</datafield>
<datafield tag="245" ind1="0" ind2="0">
<subfield code="a">Design and Validation of a Questionnaire on Risk Perception, Coping Behaviors and Preventive Knowledge against COVID-19 among Nursing Students</subfield>
</datafield>
</record></metadata></record></GetRecord></OAI-PMH>